| 000 | 02279cam a22002174a 4500 | ||
|---|---|---|---|
| 005 | 20250605164403.0 | ||
| 008 | 250528s ||||||||||||||||||||||||d | ||
| 035 | _a24705 | ||
| 040 |
_aGR-AtMCL _bgre _dGR-AtMCL _eAACR2 |
||
| 245 | 1 | _aΤο Παιδί στον Ελληνικό Κινηματογράφο: Κινηματογραφικές Αφίσες / Children in Greek Cinema: Film Posters | |
| 260 |
_bΔιεθνές Φεστιβάλ Κινηματογράφου Ολυμπίας Για Παιδιά Και Νέους _bΣπύρου, _c2001 |
||
| 300 | _a120 | ||
| 520 | _aΠρόλογος, Η Αναζήτηση, Preface, The Quest, Εισαγωγή, Η Παρουσία του Παιδιού και των Νέων στον Ελληνικό Κινηματογράφο, Introduction, Children and Young People in Greek Cinema, Αφίσες, Posters, Το Παιδί της Αθήνας, Athens's Children, Πικρό Ψωμί, Bitter Bread, Το Ξυπόλητο Τάγμα, The Barefoot Battalion, Η Θυσία της Μάνας, Mother's Sacrifice, Επιστροφή από το Μέτωπο, Return from the Front, Το Παιδί του Δρόμου, The Street Child, Η Κατάρα της Μάνας, Mother's Curse, Κλάψε Φτωχή μου Καρδιά, Cry my Poor Heart, Εξομολόγησις μιας Μητέρας, A Mother's Confession, Εσκότωσα για το Παιδί μου, I Killed for my Child, Αγνή και Ατιμασμένη, Innocent and Disgraced, Δε Γνώρισα Μητέρα, I've Never Known a Mother, Όταν Ξυπνά το Παρελθόν, When the Pat Awakes, Οι Κατατρεγμένοι, The Chased, Ο Λουστράκος, The Little Shoeblack, Δυό Μάνες στο Σταυρό του Πάνου, Two Mothers Crucified, Είμαι Παιδι σου Μανούλα, Mommy I am Your Child, Πρέπει να Ζήσεις Τίμια, You Have to Live the Honest Way, Μικρές Αφροδίτες Young Aphrodites, Η Μικρή Ζητιάνα, The Little Beggar, Άσωτος, The Prodigal Son. | ||
| 700 | 1 |
_aSpirou Dimitris _99505 |
|
| 700 | 1 |
_aTheodosiou Nikos _99506 |
|
| 700 | 1 |
_aΘεοδοσίου Νίκος _99507 |
|
| 942 | _cBK | ||
| 999 |
_c9571 _d9571 |
||